000 00931nas a2200301 4500
001 BR0705133
003 BR-BrBNA
005 20231205111214.0
007 ta
008 230509b bl.|||p| |||| 00| 00por d
040 _aBR-BrBNA
_bpor
_cBiblioteca Nacional de Agricultura
041 _a(Pt)
072 _aH20; F30; H10
100 1 _aLourenção, A.L.
100 1 _aMoraes, G.J.
100 1 _aPassos, F.A.
100 1 _aAmbrosano, G.M.B.
100 1 _aSilva, L.F.S.
245 1 _aResistência de morangueiros a Tetranychus urticae Koch (Acari: tetranychidae)
650 _aDEFESA VEGETAL
650 _aVARIAÇÃO CLONAL
650 _aVARIEDADE RESISTENTE
650 _aPRAGA DE PLANTA
650 _aÁCARO RAJADO
773 0 _tAnais da Sociedade Entomológica do Brasil (Brazil)
_xISSN 0301-8059
_g(Jun 2000), v. 29(2) p. 339-346
_wBR0705133
909 _a202311
_bLúcia
_c55
_dLúcia Elande
942 _2AGRIS
_n0
_cANA
999 _c191331
_d191331